[Event "Österreichische Meisterschafte"]
[Site "Imst"]
[Date "2008.03.18"]
[Round "3.9"]
[White "Dimitriadis, Philipp"]
[Black "Menezes, Christoph"]
[Result "1-0"]
[WhiteElo "1696"]
[BlackElo "1776"]
[PlyCount "73"]
[EventDate "2008.03.17"]

1. e4 c5 2. Nf3 d6 3. d4 cxd4 4. Nxd4 Nf6 5. Nc3 a6 6. Be3 e5 7. Nb3 Be6 8. Nd5
Nbd7 9. f3 Bxd5 10. exd5 Be7 11. Be2 Rc8 12. Rc1 b5 13. c4 b4 14. O-O O-O 15.
Bd3 a5 16. Nd2 Qc7 17. Kh1 Nc5 18. Bb1 Ne8 19. f4 g6 20. f5 Kg7 21. b3 Qd8 22.
Nf3 Nf6 23. Qd2 Ng4 24. Bg1 e4 25. Bxc5 exf3 26. Bd4+ Ne5 27. gxf3 Bf6 28. Be3
Re8 29. Qf2 Qe7 30. Qg1 Nxc4 31. Bd4 Bxd4 32. Qxd4+ Qe5 33. Rxc4 Qxd4 34. Rxd4
Re2 35. fxg6 hxg6 36. Kg1 Rc3 37. Rdd1 1-0

[Event "Österreichische Meisterschafte"]
[Site "Imst"]
[Date "2008.03.19"]
[Round "4.1"]
[White "Hartl, Daniel"]
[Black "Halvax, Georg"]
[Result "1/2-1/2"]
[WhiteElo "2096"]
[BlackElo "2140"]
[PlyCount "29"]
[EventDate "2008.03.17"]

1. e4 c5 2. Nf3 Nc6 3. d4 cxd4 4. Nxd4 Nf6 5. Nc3 e5 6. Ndb5 d6 7. Bg5 a6 8.
Na3 Be6 9. Bxf6 Qxf6 10. Nd5 Qd8 11. Nc4 Rc8 12. Nce3 Be7 13. c3 O-O 14. Be2
Bg5 15. O-O 1/2-1/2

[Event "Österreichische Meisterschafte"]
[Site "Imst"]
[Date "2008.03.19"]
[Round "4.2"]
[White "Riemelmoser, Stefan"]
[Black "Schnegg, Daniel"]
[Result "0-1"]
[WhiteElo "1880"]
[BlackElo "2102"]
[PlyCount "52"]
[EventDate "2008.03.17"]

1. e4 c5 2. Nf3 d6 3. d4 cxd4 4. Nxd4 Nf6 5. Nc3 a6 6. Bg5 e6 7. f4 Nbd7 8. Qf3
Qc7 9. O-O-O b5 10. Bxb5 axb5 11. Ndxb5 Qb8 12. e5 Bb7 13. Qe2 dxe5 14. fxe5
Nxe5 15. Bf4 Nd3+ 16. Qxd3 Qxf4+ 17. Kb1 Be7 18. Rhf1 Qb8 19. Rxf6 gxf6 20.
Qd7+ Kf8 21. Nc7 Ra5 22. N3b5 Rg8 23. b3 Rxg2 24. Rd3 Qc8 25. Qd4 Rxb5 26. Rc3
Rbg5 0-1

[Event "Österreichische Meisterschafte"]
[Site "Imst"]
[Date "2008.03.19"]
[Round "4.3"]
[White "Binder, Michael"]
[Black "Schnegg, Martin"]
[Result "1-0"]
[WhiteElo "2175"]
[BlackElo "2057"]
[PlyCount "129"]
[EventDate "2008.03.17"]

1. e4 c5 2. Nf3 d6 3. d4 cxd4 4. Nxd4 Nf6 5. Nc3 Nc6 6. Bg5 e6 7. Qd2 a6 8.
O-O-O Bd7 9. f3 Be7 10. g4 Qa5 11. Nb3 Qc7 12. h4 b5 13. Bxf6 gxf6 14. f4 b4
15. Ne2 a5 16. Nbd4 Rb8 17. Bg2 a4 18. Nxc6 Bxc6 19. Nd4 Ba8 20. Kb1 a3 21. b3
Rg8 22. Bf3 Bf8 23. Rhg1 h6 24. f5 e5 25. Ne2 Rc8 26. Rg3 Qc5 27. Rg2 Be7 28.
Rc1 Bf8 29. c3 Qb5 30. c4 Qc5 31. Rd1 Kd7 32. Nc1 Rb8 33. Nd3 Qd4 34. Qe1 Qb6
35. c5 Qb5 36. cxd6 Bxd6 37. Rgd2 Ke7 38. Nf2 Rgd8 39. Be2 Qb6 40. Bc4 Bc5 41.
Nd3 Bd4 42. Qe2 Bc3 43. Rc2 Rd4 44. g5 hxg5 45. Qh5 Rxc4 46. bxc4 gxh4 47. Qe2
Bd4 48. Nc1 Qc6 49. Nb3 Bc3 50. Qd3 h3 51. Na5 Qc7 52. Rh2 Rh8 53. c5 Rh4 54.
c6 Bd4 55. Qa6 Rh8 56. Nb7 Rc8 57. Rc2 h2 58. Qb5 Qb6 59. Qd5 Bxb7 60. Qd7+ Kf8
61. Qd6+ Ke8 62. Qd7+ Kf8 63. Qxb7 Rxc6 64. Qa8+ Kg7 65. Rg2+ 1-0

[Event "Österreichische Meisterschafte"]
[Site "Imst"]
[Date "2008.03.19"]
[Round "4.4"]
[White "Schreiner, Peter"]
[Black "Wertjanz, David"]
[Result "1/2-1/2"]
[WhiteElo "2128"]
[BlackElo "2031"]
[PlyCount "106"]
[EventDate "2008.03.17"]

1. Nf3 Nf6 2. g3 d5 3. Bg2 e6 4. O-O c6 5. b3 Bd6 6. Bb2 Nbd7 7. c4 O-O 8. d4
b6 9. Nbd2 Ba6 10. Re1 Qc7 11. Rc1 Rac8 12. Qc2 Bb7 13. e4 dxe4 14. Nxe4 Be7
15. Ne5 Nxe4 16. Nxd7 Qxd7 17. Bxe4 h6 18. Rcd1 Qc7 19. Qe2 Bf6 20. Bc1 Rfd8
21. Bf4 Qd7 22. Qg4 Bxd4 23. Be5 f5 24. Qg6 Qf7 25. Qxf7+ Kxf7 26. Rxd4 Rxd4
27. Bxc6 Bxc6 28. Bxd4 Rd8 29. Bc3 Rd3 30. Rc1 g6 31. Kf1 Bf3 32. Ke1 Ke7 33.
Bg7 h5 34. Be5 Kd7 35. Bf4 Kc6 36. Bd2 e5 37. h4 e4 38. Rc3 Rd4 39. b4 a5 40.
bxa5 bxa5 41. Ra3 Rxc4 42. Rxa5 Rc2 43. Ra6+ Kb7 44. Ra3 Rb2 45. Rb3+ Rxb3 46.
axb3 Kb6 47. Bc3 Kb5 48. Kd2 Bg4 49. Ke3 Bf3 50. Bd2 Bg4 51. Kf4 Kc5 52. Kg5
Kb5 53. Kxg6 Kc5 1/2-1/2

[Event "Österreichische Meisterschafte"]
[Site "Imst"]
[Date "2008.03.19"]
[Round "4.5"]
[White "Azad, Razik"]
[Black "Singer, Gerald"]
[Result "1-0"]
[WhiteElo "2045"]
[BlackElo "1869"]
[PlyCount "72"]
[EventDate "2008.03.17"]

1. e4 e6 2. d4 d5 3. Nc3 Nf6 4. e5 Nfd7 5. f4 c5 6. Nf3 Nc6 7. Be3 cxd4 8. Nxd4
Bc5 9. Qd2 Nxd4 10. Bxd4 Bxd4 11. Qxd4 a6 12. a4 b6 13. Bd3 O-O 14. O-O Qc7 15.
Ne2 Bb7 16. b4 a5 17. c3 Rfc8 18. Rfc1 Ba6 19. b5 Bb7 20. Rf1 Rd8 21. Rf3 Nc5
22. Raf1 Nb3 23. Qf2 Nd2 24. Rh3 Nxf1 25. Bxh7+ Kf8 26. Kxf1 Ke7 27. Qg3 Kd7
28. Qxg7 Kc8 29. Bg8 Rd7 30. Bxf7 Kb8 31. Rh7 Ra7 32. f5 Bc8 33. fxe6 Re7 34.
Nd4 Bxe6 35. Qg8+ Kb7 36. Bxe6 Qc4+ 1-0

[Event "Österreichische Meisterschafte"]
[Site "Imst"]
[Date "2008.03.19"]
[Round "4.6"]
[White "Hofmann, Thomas"]
[Black "Nussbaumer, Daniel"]
[Result "1-0"]
[WhiteElo "1944"]
[BlackElo "1642"]
[PlyCount "61"]
[EventDate "2008.03.17"]

1. e4 Nf6 2. e5 Nd5 3. Nc3 Nb6 4. d4 d6 5. f4 dxe5 6. fxe5 Bf5 7. Nf3 e6 8. Bd3
Bxd3 9. Qxd3 Be7 10. O-O O-O 11. Ne4 h6 12. c3 c5 13. Ne1 N8d7 14. Qg3 Kh7 15.
Nd3 cxd4 16. cxd4 Nd5 17. Nf4 Nxf4 18. Bxf4 Nb6 19. Qd3 Kh8 20. Bxh6 gxh6 21.
Nf6 Bxf6 22. Rxf6 Rg8 23. Qe3 Rg7 24. Raf1 Kg8 25. Rxh6 Nc4 26. Qh3 Qxd4+ 27.
Kh1 Kf8 28. Rh8+ Ke7 29. Rxa8 Ne3 30. Qh8 Qxe5 31. Qd8# 1-0

[Event "Österreichische Meisterschafte"]
[Site "Imst"]
[Date "2008.03.19"]
[Round "4.7"]
[White "Stagl, Marco"]
[Black "Dimitriadis, Philipp"]
[Result "1-0"]
[WhiteElo "1845"]
[BlackElo "1696"]
[PlyCount "109"]
[EventDate "2008.03.17"]

1. d4 c6 2. g3 d5 3. Bg2 Nd7 4. Nf3 f6 5. c4 e6 6. Qc2 Bb4+ 7. Bd2 Bxd2+ 8.
Nbxd2 Ne7 9. O-O O-O 10. e4 dxc4 11. Nxc4 Nb6 12. b3 Ng6 13. Rfd1 Qc7 14. Ne3
Rd8 15. d5 exd5 16. exd5 Ne7 17. dxc6 Nxc6 18. Nd4 Bd7 19. Rac1 Rac8 20. Nxc6
Bxc6 21. Bxc6 Rxd1+ 22. Qxd1 bxc6 23. Qf3 Qd7 24. Rd1 Qf7 25. Nf5 Qf8 26. Qe4
Nd5 27. Qe6+ Kh8 28. Rc1 Qe8 29. Qxe8+ Rxe8 30. Rxc6 Nb4 31. Rc7 g6 32. Ne3 Ra8
33. a3 Nd3 34. Kf1 a6 35. Ke2 Rd8 36. b4 Ne5 37. Nc4 Nxc4 38. Rxc4 Rd6 39. Ke3
Kg7 40. a4 g5 41. b5 axb5 42. axb5 f5 43. Rb4 Rb6 44. Kd4 Kf6 45. Kc5 Rb8 46.
Kc6 Rc8+ 47. Kd7 Rc2 48. b6 Rxf2 49. b7 Rxh2 50. b8=Q Rh3 51. Rb6+ Kg7 52. Qe5+
Kg8 53. Qe6+ Kf8 54. Qe7+ Kg8 55. Rb8# 1-0

[Event "Österreichische Meisterschafte"]
[Site "Imst"]
[Date "2008.03.19"]
[Round "4.8"]
[White "Dalnodar, Bernhard"]
[Black "Hillbrand, Johannes"]
[Result "1/2-1/2"]
[WhiteElo "1722"]
[BlackElo "1840"]
[PlyCount "50"]
[EventDate "2008.03.17"]

1. d4 d5 2. Nf3 Nf6 3. c4 c6 4. Nc3 dxc4 5. a4 Bf5 6. e3 e6 7. Bxc4 Bb4 8. O-O
Nbd7 9. Qe2 O-O 10. e4 Bg4 11. Rd1 Nb6 12. Bb3 h6 13. Bc2 Qc7 14. e5 Nfd5 15.
Ne4 f5 16. exf6 Nxf6 17. h3 Bh5 18. Nc5 Bxc5 19. dxc5 Nbd7 20. Qxe6+ Kh8 21.
Qf5 Bxf3 22. gxf3 Qe5 23. Rxd7 Qxf5 24. Bxf5 Nxd7 25. Bxd7 Rad8 1/2-1/2

[Event "Österreichische Meisterschafte"]
[Site "Imst"]
[Date "2008.03.19"]
[Round "4.9"]
[White "Menezes, Christoph"]
[Black "Gerhold, Christoph"]
[Result "1/2-1/2"]
[WhiteElo "1776"]
[BlackElo "1689"]
[PlyCount "41"]
[EventDate "2008.03.17"]

1. d4 d5 2. c4 c6 3. Nf3 Nf6 4. Nc3 e6 5. e3 Nbd7 6. Qc2 Bd6 7. g4 dxc4 8. Bxc4
b5 9. Bd3 Bb7 10. e4 e5 11. g5 Nh5 12. dxe5 Nxe5 13. Nxe5 Bxe5 14. h4 a6 15.
Be3 Qc7 16. O-O-O O-O-O 17. Ne2 Nf4 18. Nxf4 Bxf4 19. Bxf4 Qxf4+ 20. Kb1 Rd4
21. Qe2 1/2-1/2

[Event "Österreichische Meisterschafte"]
[Site "Imst"]
[Date "2008.03.19"]
[Round "4.10"]
[White "Müller, Florian"]
[Black "Allram, Sebastian"]
[Result "0-1"]
[WhiteElo "1508"]
[BlackElo "1632"]
[PlyCount "152"]
[EventDate "2008.03.17"]

1. d4 Nf6 2. c4 e6 3. Nc3 d5 4. cxd5 exd5 5. Bg5 Nbd7 6. Nxd5 Nxd5 7. Bxd8 Bb4+
8. Qd2 Bxd2+ 9. Kxd2 Kxd8 10. e4 N5b6 11. Rc1 Re8 12. Bd3 Nf8 13. f3 c6 14. Ne2
Be6 15. b3 Rc8 16. h4 f6 17. h5 Bf7 18. Ng3 g6 19. hxg6 Bxg6 20. Rc5 Ne6 21.
Ra5 Nxd4 22. Rxa7 Re7 23. Kc1 Ra8 24. Rxa8+ Nxa8 25. Nh5 Bxh5 26. Rxh5 Rg7 27.
Kb1 Nb6 28. Rh2 Nd7 29. Bf1 Ne5 30. Rh1 Ke8 31. Kb2 Kf8 32. a4 Kg8 33. b4 b6
34. a5 bxa5 35. bxa5 Ra7 36. a6 Nb5 37. Bxb5 cxb5 38. Ra1 Nc6 39. f4 Nb8 40.
Ra5 Rxa6 41. Rxb5 Nd7 42. Rb4 Rb6 43. Rxb6 Nxb6 44. Kc3 Kf7 45. Kd4 Ke6 46. g4
h6 47. Kc5 Na4+ 48. Kd4 Nb2 49. Ke3 Nd1+ 50. Ke2 Nc3+ 51. Kd3 Nb5 52. Kc4 Nd6+
53. Kd4 Nf7 54. Kc5 Ne5 55. f5+ Kd7 56. Kd4 Nxg4 57. Kd3 Kd6 58. Ke2 Ke5 59.
Kf3 h5 60. Kg3 Kxe4 61. Kh4 Kxf5 62. Kxh5 Kf4 63. Kh4 f5 64. Kh3 Kf3 65. Kh4 f4
66. Kh3 Ne3 67. Kh2 Ke2 68. Kh3 f3 69. Kg3 f2 70. Kf4 f1=Q+ 71. Ke4 Qf5+ 72.
Kd4 Nc2+ 73. Kc4 Qa5 74. Kb3 Kd3 75. Kb2 Qa3+ 76. Kb1 Qa1# 0-1

[Event "Österreichische Meisterschafte"]
[Site "Imst"]
[Date "2008.03.19"]
[Round "5.1"]
[White "Schnegg, Daniel"]
[Black "Hartl, Daniel"]
[Result "1-0"]
[WhiteElo "2102"]
[BlackElo "2096"]
[PlyCount "73"]
[EventDate "2008.03.17"]

1. e4 e5 2. Nf3 Nc6 3. Bb5 a6 4. Ba4 Nf6 5. O-O b5 6. Bb3 Bc5 7. Re1 d6 8. h3
O-O 9. c3 Bb7 10. d3 Bb6 11. Nbd2 h6 12. Nf1 Nh5 13. d4 Nf6 14. d5 Ne7 15. Ng3
Nd7 16. Bc2 f5 17. Nxf5 Nxf5 18. exf5 Nf6 19. Bb3 Qd7 20. Nh4 Qf7 21. Qd3 Bxd5
22. Bxd5 Nxd5 23. a4 Ne7 24. g4 Rab8 25. axb5 axb5 26. Be3 Nd5 27. Ng6 Rfe8 28.
Bxb6 Nxb6 29. Ra7 Na4 30. b4 Ra8 31. Rxa8 Rxa8 32. Qxb5 Nb6 33. f4 exf4 34. Re7
Ra1+ 35. Kf2 Ra2+ 36. Kf3 c6 37. Rxf7 1-0

[Event "Österreichische Meisterschafte"]
[Site "Imst"]
[Date "2008.03.19"]
[Round "5.2"]
[White "Halvax, Georg"]
[Black "Binder, Michael"]
[Result "1/2-1/2"]
[WhiteElo "2140"]
[BlackElo "2175"]
[PlyCount "37"]
[EventDate "2008.03.17"]

1. e4 e5 2. Nf3 Nc6 3. d4 exd4 4. Nxd4 Nf6 5. Nxc6 bxc6 6. e5 Qe7 7. Qe2 Nd5 8.
c4 Nb6 9. Nc3 Qe6 10. Qe4 Ba6 11. b3 O-O-O 12. f4 Bb7 13. Qe3 Bb4 14. a3 Bxc3+
15. Qxc3 d6 16. Bb2 dxe5 17. fxe5 c5 18. Be2 Bxg2 19. Rg1 1/2-1/2

[Event "Österreichische Meisterschafte"]
[Site "Imst"]
[Date "2008.03.19"]
[Round "5.3"]
[White "Hofmann, Thomas"]
[Black "Schreiner, Peter"]
[Result "0-1"]
[WhiteElo "1944"]
[BlackElo "2128"]
[PlyCount "200"]
[EventDate "2008.03.17"]

1. e4 c5 2. Nf3 Nc6 3. d4 cxd4 4. Nxd4 d6 5. c4 Nf6 6. Nc3 g6 7. Be2 Bg7 8. Be3
O-O 9. O-O Bd7 10. Rc1 Nxd4 11. Bxd4 Bc6 12. Bf3 Nd7 13. Bxg7 Kxg7 14. Nd5 Kg8
15. b3 e6 16. Nc3 Qe7 17. Re1 e5 18. b4 b6 19. Qd2 Rfd8 20. Red1 Nf8 21. Nd5
Bxd5 22. cxd5 Qb7 23. Bg4 h5 24. Bh3 Nh7 25. Rc6 Nf6 26. Qe2 Ne8 27. Rdc1 Qe7
28. Qe3 Kg7 29. g3 Rab8 30. a4 Qb7 31. Qe2 Kf8 32. R1c3 Kg7 33. Rc2 Qe7 34. Qe3
Ra8 35. Kg2 Qf6 36. R2c3 Kg8 37. Bc8 Rb8 38. Bh3 Qe7 39. Qc1 Kg7 40. Qe3 h4 41.
Rc1 Rb7 42. Qd2 Qf6 43. R1c3 Rbb8 44. Qc1 Qe7 45. Qd2 hxg3 46. hxg3 Qf6 47. Rc1
Rb7 48. Bc8 Rb8 49. Bg4 Kg8 50. Rh1 Qg7 51. Qg5 Nf6 52. Bf3 Rd7 53. Rhc1 Rbd8
54. Rc8 Qf8 55. R8c7 Rxc7 56. Rxc7 Rd7 57. Rc6 Qe7 58. Qh4 Ne8 59. Rc8 Kg7 60.
Qxe7 Rxe7 61. Be2 f5 62. f3 fxe4 63. fxe4 Nf6 64. Kf3 Rb7 65. Ke3 a5 66. b5 Kf7
67. Rc6 Ke7 68. g4 g5 69. Bd1 Rb8 70. Rc7+ Nd7 71. Rc2 Rh8 72. Bf3 Nc5 73. Ra2
Rh3 74. Kf2 Nd3+ 75. Ke3 Nc5 76. Kf2 Rh8 77. Ke3 Kf6 78. Ra1 Kg6 79. Ra2 Rc8
80. Rc2 Rh8 81. Ra2 Nb3 82. Rc2 Nd4 83. Rf2 Rh3 84. Rf1 Kg7 85. Rf2 Kg6 86. Rf1
Nb3 87. Kf2 Rh8 88. Rb1 Nc5 89. Ra1 Rc8 90. Ke3 Nb3 91. Ra2 Rc3+ 92. Kf2 Nd4
93. Bg2 Nb3 94. Bf1 Nc5 95. Bg2 Rc4 96. Ke3 Nxa4 97. Bf1 Rb4 98. Rc2 Nc5 99.
Rf2 Rxe4+ 100. Kd2 Rf4 0-1

[Event "Österreichische Meisterschafte"]
[Site "Imst"]
[Date "2008.03.19"]
[Round "5.4"]
[White "Wertjanz, David"]
[Black "Azad, Razik"]
[Result "0-1"]
[WhiteElo "2031"]
[BlackElo "2045"]
[PlyCount "76"]
[EventDate "2008.03.17"]

1. e4 e5 2. Nf3 Nc6 3. Bb5 a6 4. Ba4 Nf6 5. d4 exd4 6. O-O Be7 7. Re1 b5 8. Bb3
d6 9. Bd5 Nxd5 10. exd5 Ne5 11. Nxd4 O-O 12. Bf4 Bb7 13. Nf5 Bf6 14. c3 Qd7 15.
Ne3 Rfe8 16. Bg3 Nc4 17. Nxc4 Rxe1+ 18. Qxe1 bxc4 19. Na3 Bxd5 20. Qd2 Qc6 21.
f3 Rb8 22. Rb1 Be6 23. Nc2 Bf5 24. Re1 Bxc2 25. Qxc2 g6 26. Bf2 Qb5 27. Re2 a5
28. Qd2 Qf5 29. Qe1 Kg7 30. Qd1 Qd3 31. Qxd3 cxd3 32. Rd2 Bxc3 33. Rxd3 Bxb2
34. Rd2 Bc3 35. Rd1 Rb7 36. Kf1 a4 37. Rc1 Bb2 38. Rc4 a3 0-1

[Event "Österreichische Meisterschafte"]
[Site "Imst"]
[Date "2008.03.19"]
[Round "5.6"]
[White "Singer, Gerald"]
[Black "Stagl, Marco"]
[Result "1-0"]
[WhiteElo "1869"]
[BlackElo "1845"]
[PlyCount "41"]
[EventDate "2008.03.17"]

1. d4 Nf6 2. c4 c5 3. d5 e6 4. Nc3 exd5 5. cxd5 d6 6. e4 g6 7. f4 Bg7 8. Bb5+
Nfd7 9. Bd3 O-O 10. Nf3 Re8 11. O-O Nf6 12. h3 Nbd7 13. Re1 Qc7 14. Bc4 a6 15.
e5 dxe5 16. d6 Qa5 17. fxe5 Nh5 18. Bxf7+ Kxf7 19. Qd5+ Kf8 20. Ng5 Nxe5 21.
Nxh7# 1-0

[Event "Österreichische Meisterschafte"]
[Site "Imst"]
[Date "2008.03.19"]
[Round "5.7"]
[White "Hillbrand, Johannes"]
[Black "Gerhold, Christoph"]
[Result "1/2-1/2"]
[WhiteElo "1840"]
[BlackElo "1689"]
[PlyCount "81"]
[EventDate "2008.03.17"]

1. e4 c5 2. Nf3 Nc6 3. d4 cxd4 4. Nxd4 Nf6 5. Nc3 e5 6. Ndb5 d6 7. f3 a6 8. Na3
b5 9. Nd5 Be7 10. c4 b4 11. Qa4 Bd7 12. Nxb4 Nxb4 13. Qxb4 d5 14. Qc3 d4 15.
Qd3 Rb8 16. Nc2 O-O 17. Be2 a5 18. O-O Nh5 19. f4 Nxf4 20. Bxf4 exf4 21. Qxd4
Qc7 22. Kh1 Bf6 23. Qd3 Rxb2 24. Rfb1 Rfb8 25. Ne1 Be6 26. Rxb2 Rxb2 27. Rb1
Rxa2 28. Nf3 Ra1 29. Rxa1 Bxa1 30. Nd4 Bxd4 31. Qxd4 Qd7 32. Qb6 a4 33. Qb8+
Qc8 34. Qxf4 a3 35. Qd2 Qb8 36. Kg1 h6 37. Bd3 Qb2 38. Qxb2 axb2 39. c5 Kf8 40.
Bb1 Ke7 41. Kf2 1/2-1/2

[Event "Österreichische Meisterschafte"]
[Site "Imst"]
[Date "2008.03.19"]
[Round "5.8"]
[White "Allram, Sebastian"]
[Black "Dalnodar, Bernhard"]
[Result "1-0"]
[WhiteElo "1632"]
[BlackElo "1722"]
[PlyCount "145"]
[EventDate "2008.03.17"]

1. c4 Nf6 2. g3 g6 3. Bg2 Bg7 4. Nc3 d6 5. e4 O-O 6. Nge2 e5 7. O-O Nh5 8. d3
f5 9. exf5 gxf5 10. d4 Nc6 11. Nd5 Nf6 12. Bg5 Ne7 13. Bxf6 Bxf6 14. Nxf6+ Rxf6
15. dxe5 Rh6 16. exd6 cxd6 17. Qd2 Kg7 18. Qc3+ Kg8 19. Nf4 Rb8 20. Rad1 b6 21.
Rfe1 Kf7 22. Qe3 Rf6 23. Qf3 Rh6 24. Qe3 Rf6 25. Nd5 Re6 26. Qg5 Qg8 27. Qxg8+
Nxg8 28. Rxe6 Bxe6 29. Ne3 Rd8 30. Bd5 Ne7 31. Bxe6+ Kxe6 32. Nd5 Nxd5 33. Rxd5
Rc8 34. b3 Rc7 35. Kg2 Rg7 36. Kf3 Rg6 37. Kf4 Rg4+ 38. Kf3 Rg6 39. a4 Rh6 40.
h4 Rg6 41. a5 bxa5 42. Rxa5 Rg7 43. h5 Rb7 44. Kg2 h6 45. Ra3 Kf6 46. f4 Ke6
47. Kf3 Kf6 48. Ke3 Ke6 49. Kf3 Kf6 50. g4 fxg4+ 51. Kxg4 Rg7+ 52. Kf3 Rb7 53.
Ke4 Ke6 54. Kd4 Rf7 55. Ke4 Rb7 56. f5+ Kf6 57. Kd5 Rb6 58. Rxa7 Kxf5 59. Rg7
Rxb3 60. Kxd6 Rd3+ 61. Kc6 Rh3 62. Rd7 Rxh5 63. Rd5+ Kg4 64. Rxh5 Kxh5 65. Kd6
Kg5 66. c5 h5 67. c6 Kg4 68. c7 h4 69. c8=Q+ Kg3 70. Qc3+ Kg2 71. Qd2+ Kg3 72.
Qe3+ Kg2 73. Qe4+ 1-0

[Event "Österreichische Meisterschafte"]
[Site "Imst"]
[Date "2008.03.19"]
[Round "5.9"]
[White "Nussbaumer, Daniel"]
[Black "Menezes, Christoph"]
[Result "0-1"]
[WhiteElo "1642"]
[BlackElo "1776"]
[PlyCount "26"]
[EventDate "2008.03.17"]

1. e4 c5 2. Nc3 Nc6 3. f4 g6 4. Nf3 Bg7 5. Bc4 e6 6. O-O Nge7 7. e5 O-O 8. d3
b6 9. Ne4 Na5 10. Qe1 Nxc4 11. dxc4 Nc6 12. Nd6 f6 13. b3 Ba6 {Handyverweis!}
0-1

[Event "Österreichische Meisterschafte"]
[Site "Imst"]
[Date "2008.03.19"]
[Round "5.10"]
[White "Dimitriadis, Philipp"]
[Black "Müller, Florian"]
[Result "1/2-1/2"]
[WhiteElo "1696"]
[BlackElo "1508"]
[PlyCount "101"]
[EventDate "2008.03.17"]

1. e4 c5 2. Nf3 Nc6 3. d4 cxd4 4. Nxd4 g6 5. Nc3 Nf6 6. Be3 a6 7. Be2 d6 8. f3
Bg7 9. Qd2 Nxd4 10. Bxd4 O-O 11. Be3 Re8 12. h4 Be6 13. Bh6 Bh8 14. Bd3 d5 15.
O-O-O dxe4 16. Nxe4 Rc8 17. Kb1 Qb6 18. Qc1 Red8 19. Nxf6+ Bxf6 20. Bg5 Bxg5
21. hxg5 Qa5 22. b3 Rc5 23. f4 Bg4 24. Rd2 Bf5 25. Qd1 Qb4 26. g3 Rcd5 27. Qe2
a5 28. Rdd1 Qd6 29. Qh2 h5 30. gxh6 Kh7 31. Be2 Rd2 32. Rxd2 Qxd2 33. Bd3 Qxh2
34. Rxh2 Bxd3 35. cxd3 Rxd3 36. Rh3 f6 37. Kc2 Rf3 38. a3 g5 39. fxg5 fxg5 40.
Kb2 g4 41. Rh5 b6 42. Rb5 Rxg3 43. Rxb6 e5 44. Rb5 e4 45. Rxa5 e3 46. Re5 Rf3
47. Kc3 g3 48. Kd3 e2+ 49. Kxe2 Rxb3 50. Kf1 Rxa3 51. Kg2 1/2-1/2

[Event "Österreichische Meisterschafte"]
[Site "Imst"]
[Date "2008.03.20"]
[Round "6.1"]
[White "Binder, Michael"]
[Black "Schnegg, Daniel"]
[Result "1-0"]
[WhiteElo "2175"]
[BlackElo "2102"]
[PlyCount "71"]
[EventDate "2008.03.17"]

1. e4 c5 2. Nf3 d6 3. d4 cxd4 4. Nxd4 Nf6 5. Nc3 a6 6. Be2 e6 7. Be3 Be7 8. f4
Nc6 9. Qd2 Qc7 10. O-O-O Na5 11. f5 e5 12. Nb3 Nc4 13. Bxc4 Qxc4 14. Bg5 b5 15.
Bxf6 gxf6 16. Nd5 Bd8 17. Rhe1 Bb7 18. Kb1 Rc8 19. Na5 Qxc2+ 20. Qxc2 Rxc2 21.
Kxc2 Bxd5 22. Rxd5 Bxa5 23. Re3 Bb4 24. a3 Bc5 25. Rc3 Rg8 26. Rg3 Rxg3 27.
hxg3 Kd7 28. Rd3 Kc6 29. g4 Bf2 30. Rh3 Kc5 31. Kd3 a5 32. Rxh7 a4 33. Rxf7 Bh4
34. g3 Bg5 35. Rg7 Bc1 36. Kc3 1-0

[Event "Österreichische Meisterschafte"]
[Site "Imst"]
[Date "2008.03.20"]
[Round "6.2"]
[White "Schreiner, Peter"]
[Black "Azad, Razik"]
[Result "1/2-1/2"]
[WhiteElo "2128"]
[BlackElo "2045"]
[PlyCount "151"]
[EventDate "2008.03.17"]

1. e4 c5 2. Nc3 Nc6 3. Nf3 e5 4. Bc4 Be7 5. d3 Nf6 6. h3 d6 7. Be3 a6 8. a4 O-O
9. Qd2 Be6 10. Bg5 Nd7 11. Nd5 Bxg5 12. Nxg5 Bxd5 13. Bxd5 Nf6 14. Bxc6 bxc6
15. Nf3 Qb6 16. b3 Qb4 17. O-O Qxd2 18. Nxd2 d5 19. Rae1 Rfe8 20. Re2 Nd7 21.
Rfe1 f6 22. g3 Kf7 23. Kg2 g5 24. Nf1 Nb6 25. a5 Nc8 26. exd5 cxd5 27. f4 gxf4
28. gxf4 Rg8+ 29. Kf3 exf4 30. Re6 Ra7 31. Rc6 Re7 32. Rxe7+ Nxe7 33. Rxc5 Ke6
34. b4 Ke5 35. Kf2 Kd4 36. Nd2 Ke5 37. Nf3+ Kd6 38. c4 Rb8 39. cxd5 Rxb4 40.
Rc2 Nxd5 41. Nd2 Ne3 42. Ra2 f5 43. Nf1 Nd1+ 44. Kf3 Kd5 45. Ra1 Nb2 46. Ra3
Nd1 47. Ke2 Ne3 48. Nxe3+ fxe3 49. Kxe3 Rh4 50. Rb3 Ke5 51. d4+ Rxd4 52. Rb6
Rd6 53. Rb8 Rd5 54. Rh8 Rxa5 55. Rxh7 Ra3+ 56. Kf2 Kf4 57. Rh4+ Kg5 58. Rc4
Rxh3 59. Ra4 Rh6 60. Kf3 Rf6 61. Ra1 Kg6 62. Kf4 Rb6 63. Ra5 Rf6 64. Re5 Rb6
65. Ra5 Rc6 66. Ra4 Rd6 67. Ra5 Rb6 68. Ra4 Kf6 69. Ra5 Ke6 70. Re5+ Kd6 71.
Rxf5 Rb4+ 72. Ke3 Kc6 73. Kd3 Kb6 74. Kc3 Rh4 75. Kb3 a5 76. Rf6+ 1/2-1/2

[Event "Österreichische Meisterschafte"]
[Site "Imst"]
[Date "2008.03.20"]
[Round "6.3"]
[White "Schnegg, Martin"]
[Black "Halvax, Georg"]
[Result "1/2-1/2"]
[WhiteElo "2057"]
[BlackElo "2140"]
[PlyCount "41"]
[EventDate "2008.03.17"]

1. e4 c5 2. Nc3 Nc6 3. g3 g6 4. Bg2 Bg7 5. Nge2 d6 6. f4 Bg4 7. h3 Bxe2 8. Nxe2
Nf6 9. O-O O-O 10. Kh2 Nd7 11. c3 Qb6 12. d3 f5 13. exf5 gxf5 14. g4 Rae8 15.
Ng3 e6 16. Nh5 Ne7 17. Qb3 d5 18. Nxg7 Kxg7 19. g5 Qc7 20. h4 h6 21. Bf3
1/2-1/2

[Event "Österreichische Meisterschafte"]
[Site "Imst"]
[Date "2008.03.20"]
[Round "6.4"]
[White "Hartl, Daniel"]
[Black "Wertjanz, David"]
[Result "1/2-1/2"]
[WhiteElo "2096"]
[BlackElo "2031"]
[PlyCount "104"]
[EventDate "2008.03.17"]

1. e4 c5 2. Nf3 d6 3. d4 cxd4 4. Nxd4 Nf6 5. Nc3 a6 6. Bg5 e6 7. f4 Be7 8. Qf3
h6 9. Bh4 Qc7 10. O-O-O Nbd7 11. Bd3 g5 12. fxg5 Ne5 13. Qe2 Nfg4 14. Nf3 hxg5
15. Bg3 Nxf3 16. gxf3 Ne5 17. Kb1 Bd7 18. Qf2 O-O-O 19. Be2 Kb8 20. h4 gxh4 21.
Bxh4 Bxh4 22. Rxh4 Rxh4 23. Qxh4 Bc6 24. f4 Ng6 25. Qf6 Qe7 26. Qxe7 Nxe7 27.
Bh5 f5 28. exf5 Nxf5 29. Bf7 Bd7 30. Ne4 Kc7 31. Kc1 Rh8 32. Ng5 Ng7 33. Re1
Rh6 34. Kd2 Rf6 35. Rh1 Kc6 36. Rh7 Nf5 37. Ne4 Rh6 38. Rxh6 Nxh6 39. Bh5 Nf5
40. Bg4 Nh6 41. Bh3 e5 42. Bxd7+ Kxd7 43. fxe5 dxe5 44. Kd3 Nf7 45. b4 b6 46.
c4 Kc6 47. c5 bxc5 48. Nxc5 a5 49. a3 axb4 50. axb4 Kb5 51. Nd7 Kxb4 52. Nxe5
Nxe5+ 1/2-1/2

[Event "Österreichische Meisterschafte"]
[Site "Imst"]
[Date "2008.03.20"]
[Round "6.5"]
[White "Singer, Gerald"]
[Black "Hofmann, Thomas"]
[Result "1-0"]
[WhiteElo "1869"]
[BlackElo "1944"]
[PlyCount "101"]
[EventDate "2008.03.17"]

1. d4 d5 2. c4 e5 3. dxe5 d4 4. Nf3 Nc6 5. g3 Nge7 6. Bg2 Ng6 7. O-O Ngxe5 8.
Nbd2 Be7 9. Nb3 Nxc4 10. Nfxd4 Nxd4 11. Nxd4 Nd6 12. b3 O-O 13. Bb2 Bf6 14. Qc2
Re8 15. Rfd1 Qe7 16. Rac1 Bxd4 17. Bxd4 Qxe2 18. Qxe2 Rxe2 19. Rxc7 Nb5 20. Be3
Bg4 21. Rxb7 Nc3 22. Ra1 Rd8 23. h3 Be6 24. Rxa7 h6 25. Bf3 Rb2 26. g4 Rd3 27.
a4 Rxb3 28. a5 Rd8 29. a6 Rbb8 30. Bf4 Rbc8 31. Rb7 Bd5 32. Bxd5 Nxd5 33. Bg3
Nc3 34. Bc7 Re8 35. a7 Ra8 36. Rb8 Rf8 37. Bd6 Nb5 38. Rxf8+ Rxf8 39. Bxf8 Nxa7
40. Rxa7 Kxf8 41. Kg2 g6 42. f4 Kg7 43. Kf3 Kf6 44. g5+ hxg5 45. fxg5+ Kxg5 46.
Rxf7 Kh4 47. Rg7 Kg5 48. Kg3 Kh6 49. Ra7 Kg5 50. Ra5+ Kh6 51. Kg4 1-0

[Event "Österreichische Meisterschafte"]
[Site "Imst"]
[Date "2008.03.20"]
[Round "6.6"]
[White "Riemelmoser, Stefan"]
[Black "Allram, Sebastian"]
[Result "1-0"]
[WhiteElo "1880"]
[BlackElo "1632"]
[PlyCount "67"]
[EventDate "2008.03.17"]

1. e4 c6 2. d4 d5 3. exd5 cxd5 4. c4 Nf6 5. Nc3 e6 6. Nf3 Be7 7. cxd5 Nxd5 8.
Bc4 O-O 9. O-O Bf6 10. Re1 Ne7 11. Ne4 Nf5 12. Nxf6+ Qxf6 13. d5 Nh4 14. Nxh4
Qxh4 15. Qb3 b5 16. Bxb5 Bb7 17. Bc4 Bxd5 18. Bxd5 exd5 19. Qb7 Na6 20. Qxa6
Qb4 21. Rd1 Rfe8 22. Be3 Qxb2 23. h3 h6 24. Qd3 a6 25. Bd4 Qb4 26. Qc3 Qf8 27.
Bc5 Rac8 28. Rac1 Rxc5 29. Qxc5 Re7 30. Qxd5 Kh7 31. Qa5 Re6 32. Qf5+ Rg6 33.
h4 Qa8 34. Qd5 1-0